El espacio vacío.
Guardat en:
| Autor principal: | |
|---|---|
| Altres autors: | , |
| Format: | Llibre |
| Idioma: | espanyol |
| Publicat: |
Barcelona, España:
Ediciones Península,
2019.
|
| Col·lecció: | Imprescindibles.
|
| Matèries: | |
| Etiquetes: |
Afegir etiqueta
Sense etiquetes, Sigues el primer a etiquetar aquest registre!
|
MARC
| LEADER | 00000nam a22000007a 4500 | ||
|---|---|---|---|
| 003 | CL-VaPUC | ||
| 005 | 20250407202441.0 | ||
| 008 | 250311t2019 ||||| |||| 00| 0 spa d | ||
| 999 | |c 447216 |d 447214 | ||
| 020 | |a 978-84-9942-433-0 | ||
| 040 | |c Pontificia Universidad Católica de Valparaíso | ||
| 082 | |2 22 |a 792.0223 BRO 2019 | ||
| 100 | |9 896549 |a Brook, Peter |e autor | ||
| 245 | |a El espacio vacío. | ||
| 260 | |a Barcelona, España: |b Ediciones Península, |c 2019. | ||
| 300 | |a 191 páginas. | ||
| 490 | |a Imprescindibles. | ||
| 500 | |a c.1-c.4: Instituto Arcos. 08-01-2025 | ||
| 583 | |c 20250311 |k Yessy Sthefany Diaz Vidal | ||
| 600 | 0 | |9 896549 |a Brook, Peter |x Director de cine y teatro |v Pensamiento escénico | |
| 650 | 0 | |9 322153 |a Teatro contemporáneo |z Inglaterra | |
| 650 | 0 | |9 322703 |a Teatro experimental |y Siglos 20-21 | |
| 700 | |9 896550 |a Gil Novales, Ramón |e traducción | ||
| 700 | |9 896551 |a Ordóñez, Marcos |e prólogo | ||
| 942 | |2 ddc |c BK |n 0 | ||
| 952 | |0 0 |1 0 |2 ddc |4 0 |6 792_022300000000000_BRO_2019 |7 0 |8 A |9 600914 |a BIBINC |b BIBINC |d 2025-03-11 |e Instituto Arcos |i 5665754 |o 792.0223 BRO 2019 |p 5665754 |r 2025-03-11 |t 1 |w 2025-03-11 |y BK |k IFP | ||
| 952 | |0 0 |1 0 |2 ddc |4 0 |6 792_022300000000000_BRO_2019 |7 0 |8 A |9 600915 |a BIBINC |b BIBINC |d 2025-03-11 |e Instituto Arcos |i 5665755 |o 792.0223 BRO 2019 |p 5665755 |r 2025-03-11 |t 2 |w 2025-03-11 |y BK |k IFP | ||
| 952 | |0 0 |1 0 |2 ddc |4 0 |6 792_022300000000000_BRO_2019 |7 0 |8 A |9 600916 |a BIBINC |b BIBINC |d 2025-03-11 |e Instituto Arcos |i 5665756 |o 792.0223 BRO 2019 |p 5665756 |r 2025-03-11 |t 3 |w 2025-03-11 |y BK |k IFP | ||
| 952 | |0 0 |1 0 |2 ddc |4 0 |6 792_022300000000000_BRO_2019 |7 0 |8 A |9 601494 |a BIBINC |b BIBINC |d 2025-03-18 |e Instituto Arcos |i 5666342 |o 792.0223 BRO 2019 |p 5666342 |r 2025-03-18 |t 4 |w 2025-03-18 |y BK |k IFP | ||